[Event "C.to Provinciale CO"]
[Site "Villa Guardia ITA"]
[Date "2010.01.23"]
[Round "1"]
[White "Revinelli, Sergio"]
[Black "Napolitano, Matteo"]
[Result "1/2-1/2"]
[WhiteElo "1850"]
[BlackElo "1464"]
[PlyCount "122"]
[EventDate "2010.01.23"]

1. e4 c5 2. Nf3 d6 3. d4 cxd4 4. Nxd4 Nf6 5. Nc3 a6 6. Be2 e5 7. Nb3 Be7 8. a4
Be6 9. O-O Nbd7 10. Kh1 Nc5 11. Nxc5 dxc5 12. Be3 O-O 13. f3 Qxd1 14. Rfxd1
Rfd8 15. a5 Rxd1+ 16. Rxd1 Rd8 17. Rxd8+ Bxd8 18. Na4 Bxa5 19. Bxc5 b5 20. Nb6
Bxb6 21. Bxb6 Nd7 22. Ba5 f6 23. Kg1 Kf7 24. Kf2 Nb8 25. Ke3 Nc6 26. Bb6 g5 27.
g3 Nb4 28. c3 Nc6 29. f4 gxf4+ 30. gxf4 exf4+ 31. Kxf4 Ne5 32. Bf2 Kg6 33. b4
Bc4 34. Bxc4 Nxc4 35. Bd4 h5 36. Bf2 Ne5 37. Bb6 Ng4 38. h3 Ne5 39. Bd4 Nd3+
40. Ke3 Ne5 41. h4 Nc4+ 42. Kf4 Nd2 43. e5 fxe5+ 44. Bxe5 Nc4 45. Bc7 Kf6 46.
Bd8+ Kg6 47. Ke4 Nd2+ 48. Kd5 Nf3 49. Kc6 Kf5 50. Kb6 Kg4 51. Kxa6 Nxh4 52.
Kxb5 Nf5 53. c4 Nd6+ 54. Kc6 Nxc4 55. b5 h4 56. Bc7 h3 57. Kc5 Na5 58. Bh2 Kf3
59. Kb6 Nc4+ 60. Kc5 Na5 61. b6 Kg2 1/2-1/2

[Event "C.to Provinciale CO"]
[Site "Villa Guardia ITA"]
[Date "2010.01.23"]
[Round "1"]
[White "Rossini, Fulvio"]
[Black "Squillante, Michele"]
[Result "1/2-1/2"]
[WhiteElo "1455"]
[BlackElo "1842"]
[PlyCount "104"]
[EventDate "2010.01.23"]

1. e4 c6 2. d4 d5 3. e5 Bf5 4. h4 h6 5. g4 Bh7 6. Be3 e6 7. Nd2 Nd7 8. c3 Qb6
9. Qb3 Qxb3 10. Nxb3 O-O-O 11. Kd2 f6 12. f4 fxe5 13. fxe5 Nb6 14. Be2 Be7 15.
Rh3 Na4 16. Kc1 Rf8 17. Nd2 Nb6 18. a4 Nd7 19. b4 Bd8 20. a5 Ne7 21. h5 Kb8 22.
Ngf3 Nc8 23. Kb2 b6 24. Ra3 b5 25. Ra1 Ne7 26. Rhh1 Ng8 27. Rag1 g6 28. hxg6
Bxg6 29. g5 h5 30. Nh4 Ne7 31. Nxg6 Nxg6 32. Rxh5 Rxh5 33. Bxh5 Rg8 34. Bxg6
Rxg6 35. Nf3 Nf8 36. Rh1 Rg7 37. Kc2 Kc7 38. Rg1 Ng6 39. Kd2 Kd7 40. Rh1 Ke8
41. Rh6 Kf7 42. Ke2 Nf8 43. Rh2 Ng6 44. Kf2 Ne7 45. Nh4 Ng6 46. Nxg6 Rxg6 47.
Rh7+ Rg7 48. Rxg7+ Kxg7 49. Kg3 Kg6 50. Kg4 a6 51. Kh4 Be7 52. Kg4 Bd8 1/2-1/2

[Event "C.to Provinciale CO"]
[Site "Villa Guardia ITA"]
[Date "2010.01.23"]
[Round "1"]
[White "Zuccoli, Maurizio"]
[Black "Cocconcelli, Lorenzo"]
[Result "1/2-1/2"]
[WhiteElo "1842"]
[BlackElo "1449"]
[PlyCount "145"]
[EventDate "2010.01.23"]

1. e4 e6 2. d4 d5 3. exd5 exd5 4. Bd3 Bd6 5. c3 Nf6 6. Bg5 O-O 7. Qc2 Nbd7 8.
Bxh7+ Kh8 9. Bd3 c5 10. dxc5 Bxc5 11. Ne2 Bxf2+ 12. Kd1 Ng4 13. Bxd8 Ne3+ 14.
Kd2 Nxc2 15. Kxc2 Rxd8 16. Rf1 Bh4 17. Nd2 Ne5 18. Bf5 g6 19. Bxc8 Raxc8 20.
Nd4 Kg7 21. Rf4 Bg5 22. Rff1 Bxd2 23. Kxd2 Nc4+ 24. Kc1 Re8 25. Rb1 Re4 26. Nf3
Re2 27. Rd1 Ne3 28. Rd2 Rxd2 29. Kxd2 Nxg2 30. Rf1 Rc6 31. Nd4 Rf6 32. Rxf6
Kxf6 33. Ke2 Nf4+ 34. Ke3 Ne6 35. Nb5 a6 36. Nd6 b5 37. b4 Nc7 38. Kd4 Ke6 39.
Nb7 f5 40. Nc5+ Kf6 41. h4 f4 42. Nd3 Kf5 43. Nf2 Ne8 44. Kxd5 Nf6+ 45. Kd4 Ng4
46. Ne4 f3 47. Ng3+ Kf4 48. Nf1 f2 49. Kd3 Kf3 50. Nd2+ Kg2 51. c4 bxc4+ 52.
Kxc4 f1=Q+ 53. Nxf1 Kxf1 54. a4 Ne5+ 55. Kd5 Nd7 56. Ke6 Nb6 57. b5 Nxa4 58.
bxa6 Nc5+ 59. Kf6 Nxa6 60. Kxg6 Nc7 61. h5 Ne6 62. h6 Nf8+ 63. Kf7 Nh7 64. Kg7
Ng5 65. Kg6 Ne6 66. Kf6 Nf8 67. Ke7 Nh7 68. Kf7 Ng5+ 69. Kg6 Ne6 70. Kf6 Nf8
71. Kg7 Ne6+ 72. Kh7 Ng5+ 73. Kg6 1/2-1/2

[Event "C.to Provinciale CO"]
[Site "Villa Guardia ITA"]
[Date "2010.01.23"]
[Round "2"]
[White "Buonocore, Elio"]
[Black "Grassetto, Gilberto"]
[Result "1-0"]
[WhiteElo "2187"]
[BlackElo "1882"]
[PlyCount "47"]
[EventDate "2010.01.23"]

1. e4 c5 2. Nf3 d6 3. d4 cxd4 4. Nxd4 Nf6 5. Nc3 a6 6. Be3 e6 7. f3 Qc7 8. Qd2
Nbd7 9. g4 Ne5 10. g5 Nfd7 11. f4 Nc4 12. Bxc4 Qxc4 13. f5 Ne5 14. O-O-O Bd7
15. Bf4 f6 16. fxe6 Bb5 17. Kb1 Rc8 18. Nd5 Be7 19. Nxe7 Kxe7 20. Nf5+ Kxe6 21.
Qxd6+ Kf7 22. Qe7+ Kg6 23. Qxg7+ Kh5 24. Qh6+ 1-0

[Event "C.to Provinciale CO"]
[Site "Villa Guardia ITA"]
[Date "2010.01.23"]
[Round "2"]
[White "Cocconcelli, Lorenzo"]
[Black "Revinelli, Sergio"]
[Result "1/2-1/2"]
[WhiteElo "1449"]
[BlackElo "1850"]
[PlyCount "57"]
[EventDate "2010.01.23"]

1. d4 d5 2. c4 c6 3. Nc3 e6 4. e3 Nf6 5. Nf3 Nbd7 6. Bd3 dxc4 7. Bxc4 b5 8. Bd3
a6 9. O-O c5 10. b3 Bb7 11. Qe2 Be7 12. Rd1 b4 13. Na4 Qc7 14. dxc5 Nxc5 15.
Nxc5 Qxc5 16. Bb2 O-O 17. Bd4 Qh5 18. Ne5 Qxe2 19. Bxe2 Rac8 20. Rac1 Rfd8 21.
Nc4 Nd5 22. Bf3 Ba8 23. Bxd5 Bxd5 24. Nb6 Rb8 25. Nxd5 Rxd5 26. Kf1 Rc8 27. Ke2
Kf8 28. Bb2 Rxd1 29. Rxd1 1/2-1/2

[Event "C.to Provinciale CO"]
[Site "Villa Guardia ITA"]
[Date "2010.01.23"]
[Round "2"]
[White "Coppola, Guido"]
[Black "Rossini, Fulvio"]
[Result "1/2-1/2"]
[WhiteElo "1981"]
[BlackElo "1455"]
[PlyCount "112"]
[EventDate "2010.01.23"]

1. e4 e5 2. Nf3 Nc6 3. Bc4 Bc5 4. O-O d6 5. c3 Bg4 6. b4 Bb6 7. d3 Nf6 8. a4 a5
9. b5 Ne7 10. Bg5 Ng6 11. Nbd2 h6 12. Be3 Bxe3 13. fxe3 O-O 14. d4 Re8 15. h3
Bxf3 16. Qxf3 c6 17. bxc6 bxc6 18. Rab1 Rb8 19. d5 Rxb1 20. Nxb1 Qd7 21. dxc6
Qc7 22. Bd5 Ne7 23. Na3 Nxc6 24. Nb5 Qd7 25. Rd1 Rd8 26. Bb3 Qe7 27. Qf1 Ne8
28. Qc4 Na7 29. Qxf7+ Qxf7 30. Bxf7+ Kxf7 31. Nxa7 Ke6 32. c4 Nf6 33. Nc6 Ra8
34. c5 Nxe4 35. cxd6 Nxd6 36. Rb1 Nc4 37. Rb3 Kd5 38. Rc3 Nb6 39. Kf2 Nxa4 40.
Ra3 Kxc6 41. Rxa4 Kb5 42. Ra1 Ra7 43. Kf3 a4 44. Ke4 a3 45. Kxe5 Kc4 46. Kd6
Kb3 47. e4 Kb2 48. Re1 a2 49. e5 a1=Q 50. Rxa1 Rxa1 51. e6 Re1 52. e7 Kc3 53.
Kd7 Kd4 54. h4 Kd5 55. g4 Rxe7+ 56. Kxe7 Ke5 1/2-1/2

[Event "C.to Provinciale CO"]
[Site "Villa Guardia ITA"]
[Date "2010.01.23"]
[Round "2"]
[White "Corti, Filippo"]
[Black "Cordone, Giuseppe"]
[Result "1-0"]
[WhiteElo "1736"]
[BlackElo "1524"]
[PlyCount "87"]
[EventDate "2010.01.23"]

1. Nf3 Nf6 2. g3 g6 3. Bg2 Bg7 4. d4 e6 5. Nbd2 d5 6. b3 Nbd7 7. Bb2 O-O 8. O-O
b6 9. c4 Bb7 10. Rc1 c5 11. dxc5 bxc5 12. Ne5 Nxe5 13. Bxe5 Nd7 14. Bxg7 Kxg7
15. e3 Nf6 16. cxd5 exd5 17. Rxc5 Rc8 18. Rxc8 Qxc8 19. Qc1 Qd7 20. Qb2 Qe7 21.
Rc1 Rd8 22. Rc2 Kf8 23. Qc1 Ne8 24. Nf3 Rd7 25. Nd4 Rc7 26. h4 Qd7 27. Kh2 Bc8
28. Rxc7 Nxc7 29. Qc5+ Kg7 30. Qxa7 Qd6 31. Qb8 Bd7 32. Qd8 Ne6 33. Nxe6+ Qxe6
34. Qg5 Bc6 35. Bh3 Qe4 36. Bg2 Qe6 37. Qf4 Qe7 38. Qd4+ Kg8 39. Bxd5 Bxd5 40.
Qxd5 Qa3 41. Qd2 Kg7 42. b4 h6 43. b5 Qa4 44. Qb2+ 1-0

[Event "C.to Provinciale CO"]
[Site "Villa Guardia ITA"]
[Date "2010.01.23"]
[Round "2"]
[White "Ghelfi, Giancarlo"]
[Black "Canciani, Alberto"]
[Result "1-0"]
[WhiteElo "1690"]
[BlackElo "1461"]
[PlyCount "101"]
[EventDate "2010.01.23"]

1. e4 e6 2. d4 c5 3. c3 Qc7 4. Nf3 a6 5. Be3 b6 6. Be2 Bb7 7. e5 d6 8. Nbd2 Nd7
9. O-O dxe5 10. dxe5 Rd8 11. Bf4 g6 12. Qc2 b5 13. Rfe1 c4 14. a4 Bc5 15. Ne4
Bxe4 16. Qxe4 Qb6 17. Nd4 Bxd4 18. Qxd4 Qxd4 19. cxd4 Ne7 20. axb5 axb5 21. Ra5
Rb8 22. Rea1 O-O 23. Ra7 Nd5 24. Bh6 Rfd8 25. Bf3 N7b6 26. Bd2 b4 27. h4 c3 28.
bxc3 bxc3 29. Bc1 Rd7 30. Kf1 Rxa7 31. Rxa7 Kg7 32. Ra1 h6 33. Rb1 Ra8 34. Be4
Ra4 35. Be3 Ra7 36. Ke2 f5 37. Bc2 f4 38. Bc1 g5 39. hxg5 hxg5 40. g3 Rf7 41.
gxf4 Nxf4+ 42. Bxf4 Nd5 43. Bxg5 Rc7 44. Rg1 Kf7 45. Bf6 Nxf6 46. exf6 Kxf6 47.
Rg6+ Kf7 48. Rg3 Kf6 49. Kd3 e5 50. Rf3+ Kg5 51. dxe5 1-0

[Event "C.to Provinciale CO"]
[Site "Villa Guardia ITA"]
[Date "2010.01.23"]
[Round "2"]
[White "Gonella, Daniele"]
[Black "Gagliardi, Christian"]
[Result "0-1"]
[WhiteElo "1879"]
[BlackElo "2222"]
[PlyCount "98"]
[EventDate "2010.01.23"]

1. e4 c5 2. c3 d5 3. exd5 Qxd5 4. d4 Nf6 5. Nf3 e6 6. Na3 cxd4 7. Nb5 Qd8 8.
Qxd4 Qxd4 9. Nfxd4 Na6 10. Bf4 Nd5 11. Nd6+ Bxd6 12. Bxd6 Bd7 13. Bxa6 bxa6 14.
c4 Nf6 15. f3 O-O-O 16. b3 Kb7 17. O-O-O Rc8 18. Kb2 a5 19. Be5 Rhd8 20. Bxf6
gxf6 21. Nb5 Bxb5 22. cxb5 Kb6 23. a4 a6 24. bxa6 Kxa6 25. Rxd8 Rxd8 26. Rc1
Kb6 27. Rc2 f5 28. Re2 Rd5 29. f4 h5 30. g3 Rd3 31. Kc2 Rf3 32. Rd2 Kc7 33. Rd3
Rf2+ 34. Kc3 Rxh2 35. Kc4 Kc6 36. Kd4 Re2 37. Rc3+ Kd6 38. Kc4 Rd2 39. Kb5 Rd5+
40. Kb6 e5 41. Rc6+ Ke7 42. fxe5 Rxe5 43. Rh6 Re6+ 44. Rxe6+ fxe6 45. Kxa5 f4
46. gxf4 h4 47. b4 h3 48. b5 h2 49. b6 h1=Q 0-1

[Event "C.to Provinciale CO"]
[Site "Villa Guardia ITA"]
[Date "2010.01.23"]
[Round "2"]
[White "Guglielmetti, Oscar"]
[Black "Liscio, Giovanni"]
[Result "0-1"]
[WhiteElo "1788"]
[BlackElo "2033"]
[PlyCount "59"]
[EventDate "2010.01.23"]

1. f4 Nf6 2. Nf3 d5 3. e3 g6 4. Be2 Bg7 5. O-O O-O 6. Qe1 c5 7. d3 Nc6 8. Ne5
Nxe5 9. fxe5 Nd7 10. d4 cxd4 11. exd4 Qb6 12. Qf2 f6 13. Nc3 fxe5 14. Qh4 e6
15. Rxf8+ Nxf8 16. Na4 Qxd4+ 17. Qxd4 exd4 18. Nc5 b6 19. Nd3 e5 20. Bg5 Ne6
21. Bh4 Bb7 22. Bg4 Re8 23. Bg3 e4 24. Bxe6+ Rxe6 25. Nf4 Re8 26. Re1 Be5 27.
Ne2 Bxg3 28. Nxg3 Rc8 29. Re2 e3 30. c3 0-1

[Event "C.to Provinciale CO"]
[Site "Villa Guardia ITA"]
[Date "2010.01.23"]
[Round "2"]
[White "Guzzetti, Luigi Enrico"]
[Black "Larghi, Riccardo"]
[Result "1/2-1/2"]
[WhiteElo "1887"]
[BlackElo "1901"]
[PlyCount "50"]
[EventDate "2010.01.23"]

1. e4 c5 2. Nf3 d6 3. d4 cxd4 4. Nxd4 Nf6 5. Nc3 a6 6. Be2 e5 7. Nb3 Be7 8. Be3
Be6 9. O-O Qc7 10. f3 O-O 11. Qe1 Nbd7 12. Qf2 b5 13. Rac1 d5 14. exd5 Nxd5 15.
Nxd5 Bxd5 16. Rfd1 Be6 17. f4 f6 18. Bf3 Rac8 19. Bd5 Bf7 20. Rd3 exf4 21. Bxf4
Ne5 22. Bxf7+ Rxf7 23. Rc3 Qd8 24. Rxc8 Qxc8 25. h3 Nc4 1/2-1/2

[Event "C.to Provinciale CO"]
[Site "Villa Guardia ITA"]
[Date "2010.01.23"]
[Round "2"]
[White "Lancianese, Giuseppe"]
[Black "Bernasconi, Roberto"]
[Result "1/2-1/2"]
[WhiteElo "1780"]
[BlackElo "1932"]
[PlyCount "37"]
[EventDate "2010.01.23"]

1. d4 d5 2. c4 dxc4 3. Nc3 e5 4. d5 c6 5. e4 Nf6 6. Bxc4 Bb4 7. Qc2 h6 8. Bd2
O-O 9. Nf3 Qe7 10. O-O Ne8 11. dxc6 bxc6 12. a3 Ba5 13. Be3 Bb6 14. Bxb6 axb6
15. Rad1 Nc7 16. Qd3 Re8 17. Qd6 Qxd6 18. Rxd6 Ba6 19. Bxa6 1/2-1/2

[Event "C.to Provinciale CO"]
[Site "Villa Guardia ITA"]
[Date "2010.01.23"]
[Round "2"]
[White "Lipari, Alberto"]
[Black "Pede, Lucio"]
[Result "0-1"]
[WhiteElo "1609"]
[BlackElo "1904"]
[PlyCount "68"]
[EventDate "2010.01.23"]

1. c4 e5 2. Nc3 Nf6 3. e4 a6 4. Nf3 Nc6 5. a3 Bc5 6. h3 d6 7. Qc2 Be6 8. d3 Qd7
9. Be2 h6 10. Nd1 O-O-O 11. Be3 g5 12. Qc3 g4 13. hxg4 Nxg4 14. Bxc5 dxc5 15.
Ne3 Nxe3 16. fxe3 f6 17. O-O-O Qg7 18. Rhg1 Qg3 19. Kc2 Qf2 20. Qd2 Bxc4 21.
Nxe5 Nxe5 22. Rgf1 Qh4 23. Qc3 Bb5 24. Qxc5 Rd6 25. Kb1 Bxd3+ 26. Bxd3 Nxd3 27.
Qc3 Rhd8 28. Rd2 Ne5 29. Rc1 Qxe4+ 30. Ka1 Qc6 31. Rdc2 Qxc3 32. Rxc3 Rc6 33.
Rh1 Rxc3 34. bxc3 Rh8 0-1

[Event "C.to Provinciale CO"]
[Site "Villa Guardia ITA"]
[Date "2010.01.23"]
[Round "2"]
[White "Minelli, Marco"]
[Black "Falchi, Claudio"]
[Result "0-1"]
[WhiteElo "1392"]
[BlackElo "1623"]
[PlyCount "94"]
[EventDate "2010.01.23"]

1. Nf3 e6 2. c4 f5 3. e3 Nf6 4. b3 Be7 5. Bb2 O-O 6. g3 b6 7. Bg2 Bb7 8. O-O c5
9. d3 d5 10. Re1 Nc6 11. a3 h6 12. Nbd2 Qc7 13. Qc2 Rfd8 14. Rad1 Rd7 15. d4
Rad8 16. cxd5 Nxd5 17. Nc4 Nf6 18. Nfe5 Nxe5 19. Bxb7 Nxc4 20. Qxc4 Qxb7 21.
Qxe6+ Kh8 22. Qxf5 Qe4 23. Qxe4 Nxe4 24. Kg2 Ng5 25. f4 Ne6 26. f5 Nc7 27. g4
Bf6 28. Kf3 cxd4 29. Rd3 dxe3 30. Rxd7 Rxd7 31. Bxf6 gxf6 32. Rxe3 Kg7 33. h3
Kf7 34. a4 Na6 35. Rc3 Nc5 36. Re3 Rd3 37. Rxd3 Nxd3 38. h4 Nc5 39. b4 Nxa4 40.
Kf4 Nc3 41. Kf3 Nd5 42. b5 Nc7 43. Kf4 Nxb5 44. g5 fxg5+ 45. hxg5 hxg5+ 46.
Kxg5 a5 47. Kf4 a4 0-1

[Event "C.to Provinciale CO"]
[Site "Villa Guardia ITA"]
[Date "2010.01.23"]
[Round "2"]
[White "Napolitano, Matteo"]
[Black "Zuccoli, Maurizio"]
[Result "1/2-1/2"]
[WhiteElo "1464"]
[BlackElo "1842"]
[PlyCount "56"]
[EventDate "2010.01.23"]

1. d4 d5 2. Nf3 Nf6 3. e3 c6 4. c4 Bg4 5. Nbd2 Nbd7 6. Qc2 Rc8 7. c5 Qc7 8. Be2
e5 9. Nf1 g6 10. Ng3 Bg7 11. h3 Bxf3 12. Bxf3 exd4 13. exd4 O-O 14. Be3 Rfe8
15. Ne2 b6 16. b4 bxc5 17. bxc5 Ne4 18. Bxe4 Rxe4 19. O-O Rce8 20. Rae1 f5 21.
Qd2 Nf6 22. Bf4 Qd7 23. Be5 Nh5 24. f3 Rh4 25. Qg5 Qe7 26. Qxe7 Rxe7 27. Bxg7
Nxg7 28. Kh2 g5 1/2-1/2

[Event "C.to Provinciale CO"]
[Site "Villa Guardia ITA"]
[Date "2010.01.23"]
[Round "2"]
[White "Raineri, Pieroberto"]
[Black "Mason, Giovanni"]
[Result "0-1"]
[WhiteElo "1677"]
[BlackElo "1781"]
[PlyCount "88"]
[EventDate "2010.01.23"]

1. d4 d5 2. c4 e6 3. Nc3 Bb4 4. Nf3 Nf6 5. Bg5 c6 6. a3 Bxc3+ 7. bxc3 dxc4 8.
e4 Qa5 9. Bxf6 gxf6 10. Qd2 b5 11. g3 Nd7 12. Bg2 Bb7 13. O-O O-O-O 14. a4 bxa4
15. Rfb1 Ba6 16. Ra3 Bb5 17. Qb2 Nb6 18. Nd2 Kc7 19. Bf1 Rb8 20. Qa2 Qa6 21.
Rb4 Qc8 22. Nxc4 Nxc4 23. Bxc4 a6 24. d5 c5 25. Rb2 Bxc4 26. Rxb8 Qxb8 27. Qxc4
Qb5 28. Rxa4 Qxc4 29. Rxc4 Kb6 30. Ra4 Kb5 31. Ra1 exd5 32. exd5 Rd8 33. c4+
Kxc4 34. Rxa6 Kxd5 35. Kf1 Rd6 36. Ra5 Rc6 37. Ke2 Re6+ 38. Kd3 Re7 39. h4 f5
40. Ra8 Rd7 41. Rc8 Rd6 42. Rc7 h6 43. f3 h5 44. Rxf7 Ke6+ 0-1

[Event "C.to Provinciale CO"]
[Site "Villa Guardia ITA"]
[Date "2010.01.23"]
[Round "2"]
[White "Ronconi, Fausto"]
[Black "Turati, Pierangelo"]
[Result "1-0"]
[WhiteElo "1780"]
[BlackElo "1542"]
[PlyCount "83"]
[EventDate "2010.01.23"]

1. d4 Nf6 2. c4 e6 3. a3 b6 4. Nc3 Bb7 5. Bf4 d5 6. Nb5 Na6 7. Rc1 c6 8. Nc3
dxc4 9. e3 Nd5 10. Bxc4 Nxf4 11. exf4 Nc7 12. Nf3 c5 13. Nb5 Nd5 14. dxc5 Bxc5
15. b4 Be7 16. Bxd5 Bxd5 17. Nc7+ Kf8 18. Nxa8 Qxa8 19. Qc2 g6 20. Qc8+ Qxc8
21. Rxc8+ Kg7 22. Rxh8 Kxh8 23. Ke2 Kg7 24. Rc1 Bd6 25. g3 Kf6 26. Nd4 a6 27.
Nc6 Kf5 28. f3 h5 29. Nd4+ Kf6 30. Ke3 e5 31. fxe5+ Bxe5 32. f4 Bd6 33. Nf3 Ke7
34. Rd1 Be6 35. Ne5 a5 36. bxa5 Bc5+ 37. Ke4 Bf5+ 38. Kd5 f6 39. axb6 Bxb6 40.
Kc6 Bd8 41. Nc4 Bd7+ 42. Rxd7+ 1-0

[Event "C.to Provinciale CO"]
[Site "Villa Guardia ITA"]
[Date "2010.01.23"]
[Round "2"]
[White "Squillante, Michele"]
[Black "Primerano, Carlo"]
[Result "0-1"]
[WhiteElo "1842"]
[BlackElo "1734"]
[PlyCount "124"]
[EventDate "2010.01.23"]

1. d4 Nf6 2. Nf3 e6 3. Bg5 d5 4. Nbd2 Be7 5. e3 b6 6. Bd3 Ba6 7. Bxa6 Nxa6 8.
c3 Nb8 9. Ne5 c6 10. O-O O-O 11. Rc1 Nfd7 12. Bxe7 Qxe7 13. f4 f6 14. Nxd7 Nxd7
15. e4 e5 16. exd5 cxd5 17. Qb3 Qd6 18. fxe5 fxe5 19. Rxf8+ Rxf8 20. Ne4 Qe6
21. Re1 Qf7 22. Rd1 dxe4 23. Qxf7+ Rxf7 24. Re1 exd4 25. Rxe4 dxc3 26. bxc3 g6
27. h3 Nc5 28. Re3 Rd7 29. Kf1 Rd2 30. a3 Rd3 31. Re8+ Kf7 32. Ra8 a6 33. Rb8
Rxc3 34. Rxb6 Rxa3 35. Rc6 Ne6 36. Rb6 Ra2 37. Rb7+ Kg8 38. Re7 Nd4 39. Re8+
Kg7 40. Rd8 Nb5 41. Rd7+ Kh6 42. Rd3 a5 43. Rb3 Nd4 44. Rd3 Nc6 45. Rc3 Nb4 46.
Rc4 Nc2 47. Rh4+ Kg7 48. Re4 Nb4 49. Re7+ Kh6 50. Re4 Kg5 51. g3 Nd3 52. Rd4
Nc1 53. Rc4 Nb3 54. Rc3 a4 55. Re3 Kf5 56. Rf3+ Ke4 57. Rf4+ Ke3 58. Rf7 h6 59.
Rf6 a3 60. g4 Ra1+ 61. Kg2 a2 62. Rf3+ Ke4 0-1

[Event "C.to Provinciale CO"]
[Site "Villa Guardia ITA"]
[Date "2010.01.24"]
[Round "3"]
[White "Bernasconi, Roberto"]
[Black "Guzzetti, Luigi Enrico"]
[Result "1/2-1/2"]
[WhiteElo "1932"]
[BlackElo "1887"]
[PlyCount "91"]
[EventDate "2010.01.23"]

1. e4 c5 2. Nf3 e6 3. d4 cxd4 4. Nxd4 a6 5. c4 Nf6 6. Nc3 Qc7 7. Be3 Nc6 8. Be2
Bb4 9. O-O Bxc3 10. bxc3 Nxe4 11. Bf3 d5 12. cxd5 exd5 13. c4 Qe5 14. cxd5 Qxd5
15. Nxc6 bxc6 16. Qa4 Bf5 17. Rad1 Qe6 18. Rd4 O-O 19. Bxe4 Bxe4 20. Rxe4 Qd5
21. Rc1 Qb5 22. Qc2 Rac8 23. Rc4 Rfd8 24. h3 Rd6 25. Bc5 Rg6 26. Qe4 Re6 27.
Qc2 Qa5 28. Be3 h6 29. Rc5 Qa3 30. Qd2 Qa4 31. Ra5 Qh4 32. Rxa6 Rg6 33. Qd7 Rd8
34. Qf5 Rd5 35. Qf3 Rdd6 36. Ra7 Rdf6 37. Qd1 Qxh3 38. Qf1 Qg4 39. Rc4 Qe6 40.
Qc1 Qd5 41. g3 h5 42. Raa4 Re6 43. Rc5 Qf3 44. Rc3 Qd5 45. Rc5 Qf3 46. Rc3
1/2-1/2

[Event "C.to Provinciale CO"]
[Site "Villa Guardia ITA"]
[Date "2010.01.24"]
[Round "3"]
[White "Canciani, Alberto"]
[Black "Turati, Pierangelo"]
[Result "0-1"]
[WhiteElo "1461"]
[BlackElo "1542"]
[PlyCount "44"]
[EventDate "2010.01.23"]

1. c4 e5 2. e3 Nf6 3. g3 d5 4. Qc2 Be6 5. b3 Nc6 6. a3 Be7 7. d3 O-O 8. Nd2 d4
9. Bg2 dxe3 10. fxe3 Qd7 11. h3 Nh5 12. Kf2 f5 13. Ne2 f4 14. exf4 exf4 15. g4
Ng3 16. Bb2 Bc5+ 17. d4 Nxd4 18. Nxd4 Bxd4+ 19. Kf3 Qc6+ 20. Ne4 Bd5 21. Bxd4
Bxe4+ 22. Qxe4 Qxe4+ 0-1

[Event "C.to Provinciale CO"]
[Site "Villa Guardia ITA"]
[Date "2010.01.24"]
[Round "3"]
[White "Cocconcelli, Lorenzo"]
[Black "Ronconi, Fausto"]
[Result "1/2-1/2"]
[WhiteElo "1449"]
[BlackElo "1780"]
[PlyCount "61"]
[EventDate "2010.01.23"]

1. d4 d5 2. c4 e6 3. Nc3 Nf6 4. Bg5 Be7 5. Nf3 O-O 6. e3 Nbd7 7. Bd3 dxc4 8.
Bxc4 b6 9. O-O Bb7 10. Re1 c5 11. e4 cxd4 12. Nxd4 Nc5 13. e5 Nd5 14. Bxe7 Qxe7
15. Nxd5 Bxd5 16. Bxd5 exd5 17. Nf5 Qe6 18. Nd4 Qd7 19. Nf3 Ne6 20. Nd4 Rac8
21. Qg4 Rc4 22. Red1 Rfc8 23. b3 R4c7 24. Nxe6 Qxe6 25. Qd4 Rd8 26. Rd2 Qc6 27.
Rad1 Qc5 28. Kf1 Kf8 29. Qh4 Rcd7 30. Qxh7 g6 31. Qh8+ 1/2-1/2

[Event "C.to Provinciale CO"]
[Site "Villa Guardia ITA"]
[Date "2010.01.24"]
[Round "3"]
[White "Cordone, Giuseppe"]
[Black "Minelli, Marco"]
[Result "1-0"]
[WhiteElo "1524"]
[BlackElo "1392"]
[PlyCount "155"]
[EventDate "2010.01.23"]

1. d4 g6 2. c4 Bg7 3. Nc3 d6 4. Nf3 Nd7 5. g3 Ngf6 6. Bg2 c6 7. O-O O-O 8. Re1
Re8 9. e4 e5 10. d5 Nb6 11. b3 a6 12. a4 cxd5 13. cxd5 Nbd7 14. Ba3 Nf8 15. h3
h6 16. Rc1 N8h7 17. Nb1 b5 18. Qc2 Rb8 19. axb5 axb5 20. Bb4 Rf8 21. Qc7 Qxc7
22. Rxc7 Ne8 23. Rc2 f5 24. Nh4 Rf6 25. Rec1 Bd7 26. f4 fxe4 27. fxe5 dxe5 28.
Be7 Rfb6 29. Bxe4 Bxh3 30. Bxg6 Ng5 31. Rf2 Nd6 32. Nd2 e4 33. Bxd6 Rxd6 34.
Bxe4 Bd4 35. Rc7 Bxf2+ 36. Kxf2 Rf8+ 37. Ke3 Nxe4 38. Nxe4 Rxd5 39. Ng6 Re8 40.
Re7 Rf8 41. Rb7 Re8 42. Ne7+ Rxe7 43. Rxe7 Kf8 44. Rh7 h5 45. Nf6 Bf5 46. Rxh5
Rd3+ 47. Kf4 Be6 48. Rxb5 Kf7 49. Ne4 Bxb3 50. Nc5 Rd4+ 51. Ke3 Rg4 52. Rb7+
Ke8 53. Ne4 Kd8 54. Rxb3 Kc7 55. Kf3 Rg7 56. g4 Rf7+ 57. Kg3 Kd8 58. Rd3+ Ke7
59. Re3 Rg7 60. Nc5+ Kf7 61. Ne6 Rg8 62. Nd4 Kg6 63. Rf3 Rd8 64. Ne6 Rd6 65.
Nf4+ Kg5 66. Nh3+ Kg6 67. g5 Kh7 68. Kg4 Kg8 69. Rf5 Rd4+ 70. Nf4 Rd8 71. g6
Rd7 72. Kg5 Rg7 73. Nh5 Ra7 74. Nf6+ Kg7 75. Ne8+ Kg8 76. Kh6 Re7 77. Nf6+ Kh8
78. Re5 1-0

[Event "C.to Provinciale CO"]
[Site "Villa Guardia ITA"]
[Date "2010.01.24"]
[Round "3"]
[White "Corti, Filippo"]
[Black "Gonella, Graziano"]
[Result "1-0"]
[WhiteElo "1736"]
[BlackElo "1332"]
[PlyCount "145"]
[EventDate "2010.01.23"]

1. Nf3 d5 2. g3 Nc6 3. d4 Nf6 4. Bg2 Bf5 5. O-O e6 6. c4 Be4 7. Nc3 Be7 8. cxd5
exd5 9. Nxe4 Nxe4 10. e3 f5 11. Bd2 Qd7 12. Rc1 Nxd2 13. Qxd2 Qd6 14. a3 g5 15.
Qc2 g4 16. Ne5 Nxe5 17. dxe5 Qxe5 18. Qxc7 Qxc7 19. Rxc7 b6 20. Bxd5 Bd6 21.
Rf7 a5 22. Rxf5 Ra7 23. Rc1 Rc7 24. Rxc7 Bxc7 25. e4 Ke7 26. Kf1 h5 27. Ke2 h4
28. Rg5 hxg3 29. hxg3 Rh2 30. Rxg4 Rg2 31. Kf3 Rg1 32. b3 Rc1 33. Ke3 Bd6 34.
a4 Bb4 35. Bc4 Rc3+ 36. Ke2 Rc2+ 37. Kf1 Bc5 38. Rf4 Rc1+ 39. Kg2 Bb4 40. g4
Bd2 41. Rf7+ Kd6 42. Rf6+ Kc5 43. Rf5+ Kd4 44. e5 Rc2 45. e6 Bb4 46. g5 Ke4 47.
Rf7 Re2 48. e7 Kd4 49. g6 Rxe7 50. Rxe7 Bxe7 51. g7 Bc5 52. g8=Q Kc3 53. Qd5
Kb4 54. Qd2+ Ka3 55. Qc3 Ka2 56. Bd3 Ka3 57. Qxc5+ bxc5 58. Bc4 Kb4 59. f4 Kc3
60. f5 Kb4 61. f6 Kc3 62. f7 Kb4 63. f8=Q Kc3 64. Qxc5 Kb2 65. Qxa5 Ka3 66.
Qc5+ Kb2 67. b4 Ka3 68. a5 Kb2 69. Qd4+ Kc2 70. Qd3+ Kb2 71. b5 Kc1 72. Qe2 Kb1
73. Qd2 1-0

[Event "C.to Provinciale CO"]
[Site "Villa Guardia ITA"]
[Date "2010.01.24"]
[Round "3"]
[White "Falchi, Claudio"]
[Black "Squillante, Michele"]
[Result "1/2-1/2"]
[WhiteElo "1623"]
[BlackElo "1842"]
[PlyCount "37"]
[EventDate "2010.01.23"]

1. e4 c6 2. d4 d5 3. exd5 cxd5 4. c4 dxc4 5. Bxc4 Nf6 6. Nf3 e6 7. O-O Be7 8.
Nc3 O-O 9. Bg5 Nc6 10. Re1 Nd5 11. Bxe7 Ncxe7 12. Qb3 Nc7 13. Rad1 Ned5 14.
Nxd5 Nxd5 15. Bxd5 Qxd5 16. Qxd5 exd5 17. Re7 b6 18. Rc1 Be6 19. Ng5 1/2-1/2

[Event "C.to Provinciale CO"]
[Site "Villa Guardia ITA"]
[Date "2010.01.24"]
[Round "3"]
[White "Grassetto, Gilberto"]
[Black "Raineri, Pieroberto"]
[Result "1-0"]
[WhiteElo "1882"]
[BlackElo "1677"]
[PlyCount "55"]
[EventDate "2010.01.23"]

1. d4 Nf6 2. c4 g6 3. Nc3 Bg7 4. e4 d6 5. f3 O-O 6. Be3 e5 7. d5 c6 8. Qd2 a6
9. Bd3 Qa5 10. Nge2 cxd5 11. exd5 Nh5 12. a3 f5 13. b4 Qd8 14. Bg5 Qe8 15. O-O
Nd7 16. Rae1 Nb6 17. c5 dxc5 18. bxc5 Na4 19. Nxa4 Qxa4 20. Qb4 Qe8 21. d6 Nf6
22. h3 h6 23. Bc1 Rb8 24. Bxa6 Bd7 25. Bc4+ Kh7 26. Nd4 e4 27. Nb5 Ra8 28. Nc7
1-0

[Event "C.to Provinciale CO"]
[Site "Villa Guardia ITA"]
[Date "2010.01.24"]
[Round "3"]
[White "Larghi, Riccardo"]
[Black "Lancianese, Giuseppe"]
[Result "1/2-1/2"]
[WhiteElo "1901"]
[BlackElo "1780"]
[PlyCount "42"]
[EventDate "2010.01.23"]

1. Nf3 d5 2. g3 c5 3. Bg2 Nc6 4. d4 e6 5. O-O Nf6 6. c3 Be7 7. Re1 O-O 8. Bf4
Nh5 9. Nbd2 Nxf4 10. gxf4 Qb6 11. Qb3 Qxb3 12. Nxb3 c4 13. Nbd2 f5 14. Kh1 b5
15. a3 Bd7 16. Ne5 Nxe5 17. dxe5 Rac8 18. Nf3 Bc5 19. e3 Be8 20. Nd4 Bxd4 21.
exd4 Bh5 1/2-1/2